| 000 | 00386cam a22001217a 4500 | ||
|---|---|---|---|
| 008 | 180718b1992 xxu||||| |||| 00| 0 eng d | ||
| 082 | _aB136x54 Sa82h | ||
| 100 | _aSatapathy, K.M. | ||
| 245 |
_aA handbook of IRDP: planning, monitoring and co-ordination _cby K.M. Satapathy |
||
| 260 |
_aBhubaneswar _bSatapathy and Partner _c1992 |
||
| 300 | _a139p. | ||
| 650 | _aRural development - India | ||
| 999 |
_c475483 _d475483 |
||